[Event "9. Lichtenberger Sommer 2010"]
[Site "Berlin"]
[Date "2010.08.11"]
[Round "6.19"]
[White "Jahnz, Fabian"]
[Black "Krajewski, Wolfgang"]
[Result "1-0"]
[WhiteElo "2186"]
[BlackElo "2098"]
[PlyCount "133"]
[EventDate "2010.??.??"]
[WhiteTeam "SK König Tegel 1949 e.V."]
[BlackTeam "SK Zehlendorf e.V."]

1. e4 c5 2. c3 e6 3. d4 d5 4. exd5 exd5 5. Nf3 Nc6 6. Bb5 Bd6 7. dxc5 Bxc5 8.
O-O Nge7 9. Nbd2 O-O 10. Nb3 Bd6 11. Bd3 Bf5 12. Nbd4 Nxd4 13. Nxd4 Bxd3 14.
Qxd3 a6 15. Bg5 Qc7 16. Bxe7 Bxe7 17. Nf5 Rad8 18. Rad1 Bf6 19. Rd2 Qc4 20. a3
Qf4 21. Rfd1 g6 22. Nd4 Rd7 23. g3 Qc7 24. Qf3 Bg5 25. Re2 Rfd8 26. Rde1 Re7
27. h4 Rxe2 28. Rxe2 Bh6 29. Qd3 Qc4 30. Qf3 Qc7 31. h5 Kh8 32. hxg6 hxg6 33.
Rd2 Qb6 34. Ne2 Bg5 35. Nf4 Bxf4 36. Qxf4 Qe6 37. Qe3 Qd7 38. Kg2 Qd6 39. Rd4
Kg7 40. c4 Qc6 41. Qe5+ Qf6 42. f4 Re8 43. Qxf6+ Kxf6 44. cxd5 Rd8 45. Kf3 Ke7
46. Kg4 f5+ 47. Kg5 Kf7 48. d6 Rh8 49. g4 fxg4 50. d7 Ke7 51. Kxg4 Kd8 52. Kg5
Rh2 53. Kxg6 Rg2+ 54. Kf6 Rxb2 55. f5 Rb3 56. a4 b5 57. axb5 Rxb5 58. Kg6 Rb2
59. f6 Rg2+ 60. Kh7 Rh2+ 61. Kg7 Rg2+ 62. Kf7 a5 63. Ra4 Rd2 64. Rxa5 Rxd7+ 65.
Kf8 Rd2 66. f7 Rg2 67. Rd5+ 1-0

[Event "9. Lichtenberger Sommer 2010"]
[Site "Berlin"]
[Date "2010.08.11"]
[Round "6.20"]
[White "Meißner, Hans-Jürgen"]
[Black "Hohn, August"]
[Result "1/2-1/2"]
[WhiteElo "2255"]
[BlackElo "2031"]
[PlyCount "58"]
[EventDate "2010.??.??"]
[WhiteTeam "SV Empor Berlin e.V."]
[BlackTeam "SC Zugzwang 95 e.V."]

1. e4 c6 2. d4 d5 3. Nc3 dxe4 4. Nxe4 Nd7 5. Ng5 Ngf6 6. Bd3 e6 7. N1f3 Bd6 8.
Qe2 Qc7 9. Nxf7 O-O 10. Nxd6 Qxd6 11. c3 c5 12. Be3 b6 13. Rd1 Qc7 14. O-O Bb7
15. Ng5 Rae8 16. f4 h6 17. Nf3 Nd5 18. Ne5 cxd4 19. cxd4 Nxe3 20. Qxe3 Rd8 21.
Be4 Nf6 22. Bxb7 Qxb7 23. f5 Nd5 24. Qh3 exf5 25. Rxf5 Nf4 26. Rxf8+ Rxf8 27.
Qf3 Qa6 28. Nd3 Nxd3 29. Qxd3 Qxa2 1/2-1/2

[Event "9. Lichtenberger Sommer 2010"]
[Site "Berlin"]
[Date "2010.08.11"]
[Round "6.21"]
[White "Magnussen, Helge"]
[Black "Schildt, René"]
[Result "0-1"]
[WhiteElo "2119"]
[BlackElo "1973"]
[PlyCount "87"]
[EventDate "2010.??.??"]
[WhiteTeam "Elmshorner SC von 1896"]
[BlackTeam "SC Zugzwang 95 e.V."]

1. d4 d5 2. c4 e5 3. dxe5 d4 4. Nf3 Nc6 5. g3 Nge7 6. Bg2 Ng6 7. O-O Ngxe5 8.
Nbd2 Be7 9. b3 O-O 10. Bb2 Nxf3+ 11. Nxf3 Bf6 12. Qd2 Qd6 13. Rad1 Rd8 14. Ng5
Bf5 15. Ne4 Bxe4 16. Bxe4 Re8 17. Bg2 Qe6 18. Rfe1 Rad8 19. a3 Qf5 20. Qd3 Qh5
21. Qc2 Rd6 22. Rd2 d3 23. Qd1 Bxb2 24. Rxb2 Qa5 25. Bxc6 bxc6 26. b4 Qxa3 27.
exd3 Rf8 28. Rb3 Qa4 29. Qb1 h6 30. Qb2 Qa6 31. Ra3 Qb7 32. Re7 c5 33. b5 a6
34. Qe5 axb5 35. Qxd6 bxc4 36. Qxc5 Qb1+ 37. Kg2 Qb7+ 38. Kg1 Qb1+ 39. Kg2 Qb7+
40. Kf1 Qh1+ 41. Ke2 cxd3+ 42. Rxd3 Qxh2 43. Rxc7 Qh3 44. Qxf8+ 0-1

[Event "9. Lichtenberger Sommer 2010"]
[Site "Berlin"]
[Date "2010.08.11"]
[Round "6.22"]
[White "Schmidt, Jürgen"]
[Black "Albrecht, Rainer"]
[Result "1/2-1/2"]
[WhiteElo "2017"]
[BlackElo "2141"]
[PlyCount "26"]
[EventDate "2010.??.??"]
[WhiteTeam "SC Kreuzberg e.V."]
[BlackTeam "SC Kreuzberg e.V."]

1. e4 e6 2. d4 d5 3. exd5 exd5 4. Nf3 Bd6 5. c4 Nf6 6. c5 Be7 7. Bd3 O-O 8. Nc3
b6 9. cxb6 axb6 10. O-O c5 11. dxc5 bxc5 12. Bg5 Bb7 13. Re1 Nbd7 1/2-1/2

[Event "9. Lichtenberger Sommer 2010"]
[Site "Berlin"]
[Date "2010.08.11"]
[Round "6.23"]
[White "Galkin, Wladislaw"]
[Black "Syré, Christian"]
[Result "0-1"]
[WhiteElo "1910"]
[BlackElo "2282"]
[PlyCount "28"]
[EventDate "2010.??.??"]
[WhiteTeam "SC Ladja Roßdorf"]
[BlackTeam "TSG Oberschöneweide e.V."]

1. d4 Nf6 2. c4 d6 3. Nc3 Nbd7 4. e4 e5 5. d5 Nc5 6. f3 a5 7. Be3 g6 8. Be2 Bg7
9. g4 h5 10. gxh5 Nxh5 11. Bf2 Bf6 12. Qc2 Bh4 13. Bf1 Qg5 14. Rd1 Qe3+ 0-1

[Event "9. Lichtenberger Sommer 2010"]
[Site "Berlin"]
[Date "2010.08.11"]
[Round "6.24"]
[White "Solhdjou, Mohammed"]
[Black "Kalinitschew, Sergey"]
[Result "0-1"]
[WhiteElo "1961"]
[BlackElo "2462"]
[PlyCount "108"]
[EventDate "2010.??.??"]
[WhiteTeam "vereinslos"]
[BlackTeam "SC Kreuzberg e.V."]

1. d4 Nf6 2. c4 c5 3. Nf3 cxd4 4. Nxd4 e6 5. g3 Nc6 6. Bg2 Bc5 7. Nb3 Be7 8.
Nc3 O-O 9. O-O b6 10. Bf4 Bb7 11. Bd6 Ne8 12. Bxe7 Qxe7 13. Rc1 Rb8 14. Qd2 Ne5
15. Ne4 f5 16. Qg5 Qb4 17. Rfd1 Bxe4 18. Bxe4 Nf6 19. Bd3 Rbc8 20. Qd2 Qe7 21.
Qe3 Neg4 22. Qd2 Qf7 23. f3 Ne5 24. Qe3 d6 25. Nd4 a6 26. b3 Rfe8 27. Nc2 Qb7
28. Ne1 Nf7 29. Ng2 g6 30. Nf4 e5 31. Nd5 Nxd5 32. cxd5 b5 33. b4 Kg7 34. Bc2
Rc4 35. Bb3 f4 36. gxf4 Rxf4 37. Rc6 Rxb4 38. Rdc1 Re7 39. Qc3 a5 40. a3 Qa7+
41. Kg2 Rh4 42. e3 b4 43. Qe1 g5 44. a4 e4 45. f4 Qd7 46. Kh1 Qh3 47. R1c2 Qf3+
48. Rg2 Rg4 49. Rcc2 Rxg2 50. Rxg2 Rc7 51. Qd2 Rc3 52. Bd1 Qxe3 53. Qxe3 Rxe3
54. Be2 b3 0-1

[Event "9. Lichtenberger Sommer 2010"]
[Site "Berlin"]
[Date "2010.08.11"]
[Round "6.25"]
[White "Jaeger, Andre"]
[Black "Vogel, Robert"]
[Result "0-1"]
[WhiteElo "2051"]
[BlackElo "2284"]
[PlyCount "54"]
[EventDate "2010.??.??"]
[WhiteTeam "SC Rochade e.V."]
[BlackTeam "SGem Pang/Rosenheim"]

1. d4 Nf6 2. c4 c5 3. Nf3 cxd4 4. Nxd4 e5 5. Nb5 d5 6. cxd5 Bc5 7. N5c3 O-O 8.
e3 Qe7 9. a3 a6 10. b4 Ba7 11. Nd2 Rd8 12. Nb3 Bf5 13. Bb2 Nbd7 14. d6 Qf8 15.
Na5 Rab8 16. Nxb7 Bg4 17. f3 Rxb7 18. fxg4 Rb6 19. g5 Rxd6 20. Qb3 Ng4 21. Ne4
Nxe3 22. Nxd6 Qxd6 23. Bc4 Qc6 24. Bxf7+ Kh8 25. Rd1 Qxg2 26. Bd5 Nxd5 27. Qxd5
Qf2# 0-1

[Event "9. Lichtenberger Sommer 2010"]
[Site "Berlin"]
[Date "2010.08.11"]
[Round "6.26"]
[White "Dimitrijeski, Kristian"]
[Black "Müller, Peter"]
[Result "1-0"]
[WhiteElo "2229"]
[BlackElo "2013"]
[PlyCount "67"]
[EventDate "2010.??.??"]
[WhiteTeam "SK König Tegel 1949 e.V."]
[BlackTeam "SV Berolina Mitte e.V."]

1. d4 Nf6 2. c4 g6 3. Nc3 Bg7 4. e4 d6 5. Nge2 O-O 6. Ng3 c5 7. d5 e6 8. Be2
exd5 9. exd5 Re8 10. O-O h5 11. Bg5 Qb6 12. Qd2 Nbd7 13. Rfe1 Nf8 14. Bxf6 Bxf6
15. Bxh5 Rxe1+ 16. Rxe1 Bd7 17. Bf3 Nh7 18. Nce4 Be5 19. b3 Rc8 20. h4 Qd8 21.
h5 g5 22. Nc3 Bf4 23. Qc2 g4 24. Be4 Nf8 25. Nf5 Qf6 26. Ne7+ Kh8 27. Nxc8 g3
28. fxg3 Bxg3 29. Re3 Qd4 30. Qd3 Bf4 31. Qxd4+ cxd4 32. Rf3 Be3+ 33. Rxe3 dxe3
34. Nxd6 1-0

[Event "9. Lichtenberger Sommer 2010"]
[Site "Berlin"]
[Date "2010.08.11"]
[Round "6.27"]
[White "Förster, Jonas"]
[Black "Weyers, Guido"]
[Result "1-0"]
[WhiteElo "2204"]
[BlackElo "1985"]
[PlyCount "48"]
[EventDate "2010.??.??"]
[WhiteTeam "SSC Rostock 07"]
[BlackTeam "SC Weisse Dame e.V."]

1. d4 Nf6 2. c4 c5 3. d5 b5 4. Nf3 bxc4 5. Nc3 d6 6. e4 Nbd7 7. Qa4 g6 8. e5
dxe5 9. Nxe5 Bg7 10. Nc6 Qb6 11. Bxc4 Bb7 12. O-O Bxc6 13. dxc6 Ne5 14. Bb5 O-O
15. Re1 a6 16. Rxe5 axb5 17. Qxb5 Qc7 18. Bf4 Rfb8 19. Qxc5 Rxb2 20. Rc1 Rab8
21. Nd5 Nxd5 22. Rxd5 e5 23. Rd7 Bf8 24. Qd5 Qxd7 1-0

[Event "9. Lichtenberger Sommer 2010"]
[Site "Berlin"]
[Date "2010.08.11"]
[Round "6.28"]
[White "Strobel, Norbert"]
[Black "Groß, Thorsten"]
[Result "0-1"]
[WhiteElo "1986"]
[BlackElo "2163"]
[PlyCount "56"]
[EventDate "2010.??.??"]
[WhiteTeam "SK Zirndorf e.V."]
[BlackTeam "SC Weisse Dame e.V."]

1. d4 Nf6 2. Nf3 e6 3. Bg5 Be7 4. e3 b6 5. Bd3 Bb7 6. O-O Ne4 7. Bxe7 Qxe7 8.
Nfd2 Nf6 9. c4 c5 10. Nc3 O-O 11. dxc5 bxc5 12. e4 Qd6 13. Nf3 Qf4 14. Re1 Nc6
15. e5 Nd4 16. Nxd4 cxd4 17. exf6 dxc3 18. fxg7 Kxg7 19. bxc3 Rg8 20. f3 f5 21.
Bc2 Qc7 22. Qd4+ Kf7 23. Kf1 Bc6 24. Qh4 Rg7 25. Qh5+ Kf8 26. Rad1 Qa5 27. Rd3
Qxa2 28. Bb1 Qxg2# 0-1

[Event "9. Lichtenberger Sommer 2010"]
[Site "Berlin"]
[Date "2010.08.11"]
[Round "6.29"]
[White "Heuer, Thomas"]
[Black "Schilke, Michael"]
[Result "1/2-1/2"]
[WhiteElo "2152"]
[BlackElo "1954"]
[PlyCount "31"]
[EventDate "2010.??.??"]
[WhiteTeam "TSG Neuruppin"]
[BlackTeam "SV Berolina Mitte e.V."]

1. Nf3 d5 2. g3 Nf6 3. Bg2 c6 4. O-O Bg4 5. d3 e6 6. Nbd2 Be7 7. c4 O-O 8. b3
Nbd7 9. Bb2 Re8 10. Rc1 dxc4 11. Nxc4 Nb6 12. Nce5 Bh5 13. Rc2 Nfd5 14. Qa1
Bxf3 15. Bxf3 Bf6 16. a3 1/2-1/2

[Event "9. Lichtenberger Sommer 2010"]
[Site "Berlin"]
[Date "2010.08.11"]
[Round "6.30"]
[White "Lerch, Philipp"]
[Black "Welz, Peter"]
[Result "1-0"]
[WhiteElo "1944"]
[BlackElo "2162"]
[PlyCount "43"]
[EventDate "2010.??.??"]
[WhiteTeam "SK König Tegel 1949 e.V."]
[BlackTeam "SV Empor Berlin e.V."]

1. e4 e6 2. d4 d5 3. e5 c5 4. c3 Nc6 5. Nf3 Qb6 6. Be2 Nh6 7. Bxh6 gxh6 8. Qd2
Bg7 9. O-O O-O 10. Na3 cxd4 11. cxd4 f6 12. exf6 Rxf6 13. Nc2 Qxb2 14. Rfb1
Qxa1 15. Rxa1 Bd7 16. Rb1 b6 17. Ne5 Nxe5 18. dxe5 Rf5 19. f4 Raf8 20. g3 h5
21. Nd4 R5f7 22. Bxh5 1-0

[Event "9. Lichtenberger Sommer 2010"]
[Site "Berlin"]
[Date "2010.08.11"]
[Round "6.31"]
[White "Hahlbohm, Matthias"]
[Black "Ewald, Patrick"]
[Result "1/2-1/2"]
[WhiteElo "2095"]
[BlackElo "1890"]
[PlyCount "102"]
[EventDate "2010.??.??"]
[WhiteTeam "TSG Oberschöneweide e.V."]
[BlackTeam "vereinslos"]

1. e4 c5 2. Nf3 Nc6 3. c3 d5 4. e5 e6 5. d4 cxd4 6. cxd4 Qb6 7. a3 Nge7 8. Bd3
Bd7 9. Bc2 Ng6 10. h4 h5 11. Bxg6 fxg6 12. O-O O-O-O 13. b4 Be7 14. Nc3 Rdf8
15. Be3 Rf5 16. Rc1 Kb8 17. Na4 Qd8 18. Nc5 Bxc5 19. Rxc5 Rhf8 20. Ng5 Qe8 21.
Qd2 Nd8 22. Rfc1 Nf7 23. Nxf7 R5xf7 24. Qc2 Bb5 25. Qxg6 Bc4 26. Qxh5 b6 27.
R5xc4 dxc4 28. Rxc4 Rh8 29. Qg4 Qf8 30. Rc6 g5 31. hxg5 Rfh7 32. Kf1 Qe8 33.
Qxe6 Rh1+ 34. Ke2 Qh5+ 35. f3 Qh2 36. Qg4 Ra1 37. e6 Kb7 38. Rc2 Rh4 39. Qxh4
Qxh4 40. e7 Qh8 41. g6 Qg8 42. g7 Rxa3 43. d5 Qxg7 44. e8=Q Qxg2+ 45. Ke1 Qxc2
46. Qe7+ Qc7 47. Qe4 Ra1+ 48. Ke2 Qh2+ 49. Bf2 Ra2+ 50. Kd3 Ra3+ 51. Ke2 Ra2+
1/2-1/2

[Event "9. Lichtenberger Sommer 2010"]
[Site "Berlin"]
[Date "2010.08.11"]
[Round "6.32"]
[White "Bethe, Stephan"]
[Black "Neumaier, Hubert"]
[Result "1-0"]
[WhiteElo "2162"]
[BlackElo "1858"]
[PlyCount "107"]
[EventDate "2010.??.??"]
[WhiteTeam "SC Kreuzberg e.V."]
[BlackTeam "vereinslos"]

1. e4 c5 2. Nf3 e6 3. d4 cxd4 4. Nxd4 Nc6 5. Nb5 d6 6. c4 Nf6 7. N1c3 a6 8. Na3
b6 9. Be2 Bb7 10. O-O Be7 11. Nc2 O-O 12. b3 Rc8 13. Ne3 Na5 14. Qd3 b5 15.
cxb5 axb5 16. e5 b4 17. Nb5 Be4 18. exf6 Bxd3 19. fxe7 Qxe7 20. Bxd3 Nb7 21. a4
Nc5 22. Bc2 d5 23. Bb2 Rfd8 24. Rfe1 Qf8 25. Rad1 f6 26. f4 Qf7 27. Kh1 Rd7 28.
Bd4 Nb7 29. Rc1 Re8 30. Ng4 h5 31. Ne3 e5 32. fxe5 fxe5 33. Rf1 Qe7 34. Nf5 Qd8
35. Bf2 d4 36. Bd3 g6 37. Bc4+ Kh7 38. Bh4 Qb6 39. Ng3 e4 40. Rf6 Nd6 41. Be6
Rde7 42. Nxd6 Rxe6 43. Nxe8 d3 44. Rxe6 Qxe6 45. Nf6+ Kh6 46. Ngxe4 g5 47.
Bxg5+ Kg6 48. Rb1 Qc6 49. h4 Qc2 50. Nd2 Qc8 51. Rf1 Qe6 52. Nfe4 Qg4 53. a5
Qc8 54. a6 1-0

[Event "9. Lichtenberger Sommer 2010"]
[Site "Berlin"]
[Date "2010.08.11"]
[Round "6.33"]
[White "Kuhn, Christian"]
[Black "Elsing, Jan"]
[Result "1-0"]
[WhiteElo "2009"]
[BlackElo "2140"]
[PlyCount "83"]
[EventDate "2010.??.??"]
[WhiteTeam "TSV Amorbach 1863 e.V."]
[BlackTeam "SC Friesen Lichtenberg e.V."]

1. c4 c6 2. g3 d5 3. Bg2 Nf6 4. d4 g6 5. Nf3 Bg7 6. O-O O-O 7. cxd5 cxd5 8. Nc3
e6 9. Bf4 a6 10. Na4 Nc6 11. Qb3 b5 12. Nc5 Ne4 13. Be3 Nxc5 14. dxc5 Bb7 15.
Rfd1 Na5 16. Qc2 Qc7 17. Rac1 Rac8 18. b3 e5 19. Bd2 d4 20. e3 dxe3 21. Bxe3
Rfd8 22. Rxd8+ Rxd8 23. Rd1 Nc6 24. a3 h6 25. Nd2 f5 26. Nf3 Ne7 27. Qc1 Kh7
28. Rxd8 Qxd8 29. Ng5+ hxg5 30. Bxb7 f4 31. Bd2 Qc7 32. Be4 Nf5 33. b4 Nd4 34.
Qb1 Kh8 35. Qd3 Qd7 36. Kg2 g4 37. gxf4 Qf7 38. Bxg6 Qe7 39. Be4 Qh4 40. Qg3
Qh5 41. h3 exf4 42. Qxg4 1-0

[Event "9. Lichtenberger Sommer 2010"]
[Site "Berlin"]
[Date "2010.08.11"]
[Round "6.34"]
[White "Schulz, Toni"]
[Black "Amelang, Thomas"]
[Result "0-1"]
[WhiteElo "1857"]
[BlackElo "2153"]
[PlyCount "78"]
[EventDate "2010.??.??"]
[WhiteTeam "ESV Lok Raw Cottbus e.V."]
[BlackTeam "SK Siemens München"]

1. d4 c5 2. c3 Qc7 3. Nf3 Nf6 4. Bg5 e6 5. e3 Be7 6. Nbd2 d5 7. Bd3 Nc6 8. O-O
a6 9. Re1 cxd4 10. exd4 h6 11. Bh4 Nd7 12. Bxe7 Nxe7 13. Ne5 Nf6 14. Re3 Nc6
15. Qf3 Qe7 16. Qg3 g5 17. Rb1 Bd7 18. f4 Nh5 19. Qf3 Nxf4 20. Bc2 h5 21. Qf1
Nxe5 22. dxe5 h4 23. g3 hxg3 24. Rxg3 O-O-O 25. Nf3 Bb5 26. Qf2 Nh3+ 27. Rxh3
Rxh3 28. Nd4 Rdh8 29. Nxb5 axb5 30. Qa7 Rxh2 31. Rf1 Rh1+ 32. Kg2 R8h2+ 33. Kg3
Rxf1 34. Kxh2 Qc7 35. Kg2 Rf4 36. a4 Qc4 37. Bd3 Rg4+ 38. Kf3 Qf4+ 39. Ke2 Rg2+
0-1

[Event "9. Lichtenberger Sommer 2010"]
[Site "Berlin"]
[Date "2010.08.11"]
[Round "6.35"]
[White "Wasem, Ralph"]
[Black "Walter, Günter"]
[Result "1-0"]
[WhiteElo "2106"]
[BlackElo "2017"]
[PlyCount "129"]
[EventDate "2010.??.??"]
[WhiteTeam "SK Landau"]
[BlackTeam "TSG Oberschöneweide e.V."]

1. e4 e5 2. Nc3 Nf6 3. Bc4 d6 4. d3 Be7 5. f4 Bg4 6. Nf3 Nbd7 7. h3 Bxf3 8.
Qxf3 c6 9. Be3 b5 10. Bb3 a5 11. a4 b4 12. Ne2 c5 13. Bc4 O-O 14. g4 Nb6 15. g5
Nxe4 16. Bb5 Nxg5 17. fxg5 Bxg5 18. Bxg5 Qxg5 19. Rg1 Qh4+ 20. Qg3 Qxg3+ 21.
Rxg3 f5 22. Kf2 Kh8 23. Rag1 Ra7 24. h4 f4 25. Rg5 Nd5 26. c4 Ne3 27. Rh1 Rc7
28. Kf3 Rf5 29. Ke4 Rxg5 30. hxg5 g6 31. Ng1 Kg7 32. Nf3 Rc8 33. Nd2 Rd8 34.
Bc6 Nf5 35. Rh3 Nd4 36. Bd5 Rh8 37. Nf3 Nf5 38. Be6 Ne3 39. Nd2 Re8 40. Bd5 Nd1
41. Rh2 Nxb2 42. Bc6 Rc8 43. Bb5 Nd1 44. Kd5 Rd8 45. Ke6 Rf8 46. Bc6 Ne3 47.
Ne4 Ng4 48. Rh1 f3 49. Kxd6 f2 50. Nd2 Rf5 51. Bd7 Rxg5 52. Ne4 Nh2 53. Nxf2
Rg2 54. Ne4 b3 55. Nxc5 b2 56. Ne6+ Kf6 57. Nc5 Rc2 58. Ne4+ Kg7 59. Rb1 Nf3
60. c5 Ne1 61. Bb5 h5 62. c6 h4 63. c7 h3 64. Ng3 Nxd3 65. c8=Q 1-0

[Event "9. Lichtenberger Sommer 2010"]
[Site "Berlin"]
[Date "2010.08.11"]
[Round "6.36"]
[White "Hüttemann, Ralf"]
[Black "Penner, Markus"]
[Result "1-0"]
[WhiteElo "2068"]
[BlackElo "1921"]
[PlyCount "81"]
[EventDate "2010.??.??"]
[WhiteTeam "Schachfreunde Battenberg"]
[BlackTeam "SK Zehlendorf e.V."]

1. d4 Nf6 2. Bg5 g6 3. f3 Bg7 4. e4 d6 5. Bd3 O-O 6. Ne2 c5 7. c3 Nbd7 8. Qd2
Re8 9. O-O Qc7 10. Na3 a6 11. Rac1 b5 12. d5 Ne5 13. Bb1 Bb7 14. b3 c4 15. b4
e6 16. dxe6 fxe6 17. Nd4 Rad8 18. Rce1 Nc6 19. Nac2 e5 20. Nxc6 Bxc6 21. Ne3
Qf7 22. Re2 Rd7 23. Rd1 Red8 24. Qc1 d5 25. exd5 Bxd5 26. Ng4 e4 27. Bxf6 exf3
28. Rf2 Be6 29. Rxd7 Rxd7 30. Bxg7 Bxg4 31. Bd4 Re7 32. h3 Qe8 33. Qh6 Bh5 34.
Be4 Qf7 35. Bxf3 Re1+ 36. Kh2 Qc7+ 37. g3 Bxf3 38. Rxf3 Qe7 39. Qf4 Re2+ 40.
Rf2 Rxf2+ 41. Qxf2 1-0

[Event "9. Lichtenberger Sommer 2010"]
[Site "Berlin"]
[Date "2010.08.11"]
[Round "6.37"]
[White "Krefenstein, Sergej"]
[Black "Perestjuk, Marko"]
[Result "0-1"]
[WhiteElo "2045"]
[BlackElo "1918"]
[PlyCount "120"]
[EventDate "2010.??.??"]
[WhiteTeam "vereinslos"]
[BlackTeam "SC Zitadelle Spandau 1977 e.V."]

1. e4 c5 2. c3 d5 3. exd5 Qxd5 4. d4 e6 5. Nf3 Nf6 6. Be3 cxd4 7. cxd4 Nc6 8.
Nc3 Qd8 9. Bb5 Be7 10. Ne5 Bd7 11. Qa4 O-O 12. Nxc6 Bxc6 13. Bxc6 bxc6 14. Qxc6
Bb4 15. Qf3 Qa5 16. Bd2 Rad8 17. O-O Rxd4 18. Be3 Rd7 19. Rfc1 Rfd8 20. a3 Be7
21. Rd1 Qc7 22. Rxd7 Qxd7 23. Rd1 Nd5 24. Nxd5 exd5 25. Bd4 Qb5 26. Qg3 Bf8 27.
Qc3 a6 28. Re1 Re8 29. Rc1 h6 30. g3 Re4 31. Kg2 h5 32. Rd1 h4 33. Qd3 Qc6 34.
Qf3 Bc5 35. Qc3 Qa4 36. b3 Bxd4 37. Qc8+ Re8 38. bxa4 Rxc8 39. Rxd4 hxg3 40.
hxg3 Rc5 41. Kf3 f6 42. Ke3 Kf7 43. Rb4 Ra5 44. Kd4 Kg6 45. Kc3 Rc5+ 46. Kd4
Ra5 47. f3 Kf5 48. Kc3 Rc5+ 49. Kb3 Rc1 50. Rd4 Ke5 51. Rd3 d4 52. Kb4 Kd5 53.
Kb3 Rc5 54. Kb4 Rc1 55. Kb3 g5 56. g4 Rc4 57. a5 Rc5 58. a4 Rxa5 59. Kb4 Rc5
60. Rd1 a5+ 0-1

[Event "9. Lichtenberger Sommer 2010"]
[Site "Berlin"]
[Date "2010.08.11"]
[Round "6.38"]
[White "Heuser, Philip"]
[Black "Bergmann, Jens"]
[Result "1-0"]
[WhiteElo "2108"]
[BlackElo "1949"]
[PlyCount "101"]
[EventDate "2010.??.??"]
[WhiteTeam "SG Heidelberg-Kirchheim"]
[BlackTeam "SK Tempelhof 1931 e.V."]

1. d4 Nf6 2. c4 g6 3. Nc3 d5 4. Nf3 Bg7 5. Bg5 Ne4 6. cxd5 Nxc3 7. bxc3 Qxd5 8.
e3 Qa5 9. Qb3 h6 10. Bh4 g5 11. Bg3 Nd7 12. Bd3 O-O 13. O-O c5 14. Rfc1 cxd4
15. cxd4 g4 16. Nh4 Nb6 17. Rc5 Qa4 18. Qxa4 Nxa4 19. Rc7 e6 20. Be4 f5 21.
Bxb7 Bxb7 22. Rxb7 Nc5 23. Rxg7+ Kxg7 24. dxc5 Kf6 25. Bd6 Rf7 26. f4 Rb7 27.
Be5+ Kf7 28. c6 Rb4 29. c7 Rc4 30. Rd1 Ke8 31. Rd2 Rc8 32. Kf2 Re4 33. Rc2 a5
34. g3 a4 35. Ng2 Kd7 36. a3 Ra8 37. Rd2+ Ke8 38. Bf6 Rc4 39. Rd8+ Kf7 40. Rxa8
Rxc7 41. Bd4 Rc2+ 42. Kf1 Rc1+ 43. Ne1 Rc4 44. Ke2 Kg6 45. Ra6 Rc8 46. Rxe6+
Kh5 47. Re5 Kg6 48. Ra5 Rc6 49. Rxa4 Ra6 50. Rxa6+ Kh5 51. Rxh6+ 1-0

[Event "9. Lichtenberger Sommer 2010"]
[Site "Berlin"]
[Date "2010.08.11"]
[Round "6.39"]
[White "Moritz, Aron"]
[Black "Herrmann, Eberhard"]
[Result "1-0"]
[WhiteElo "2027"]
[BlackElo "1818"]
[PlyCount "103"]
[EventDate "2010.??.??"]
[WhiteTeam "SV Empor Berlin e.V."]
[BlackTeam "SC Friesen Lichtenberg e.V."]

1. e4 e5 2. Nf3 Nc6 3. Bc4 d6 4. d3 Bg4 5. c3 Bh5 6. Bb3 Nf6 7. Nbd2 Be7 8. h3
d5 9. Qe2 d4 10. g4 Bg6 11. Nf1 Qd7 12. Ba4 Qe6 13. cxd4 exd4 14. Nxd4 Qd7 15.
Nxc6 bxc6 16. Bd2 O-O-O 17. Bc2 Ne8 18. O-O-O f6 19. Be3 Kb8 20. d4 Nd6 21. f3
Nb7 22. Qa6 Qd6 23. Ba4 Be8 24. Qc4 Qb4 25. Qxb4 Bxb4 26. a3 Be7 27. Bb3 g5 28.
Ng3 Bg6 29. Rd2 c5 30. d5 h5 31. Nf5 Bxf5 32. gxf5 Bd6 33. Rg1 Rhg8 34. Ba4 Be5
35. Rc2 Bd6 36. Kd1 Rg7 37. Ke1 a6 38. Bc6 Na5 39. Ke2 Nxc6 40. dxc6 Re8 41.
Bxc5 Be5 42. Rc4 Bd6 43. Bd4 Be5 44. Be3 Rge7 45. Rd1 g4 46. hxg4 hxg4 47. Rd3
gxf3+ 48. Kxf3 Rh7 49. Rb4+ Kc8 50. Ba7 Rh3+ 51. Kf2 Rh2+ 52. Ke1 1-0

[Event "9. Lichtenberger Sommer 2010"]
[Site "Berlin"]
[Date "2010.08.11"]
[Round "6.40"]
[White "Schulz, Stefanie"]
[Black "Lachmann, Daniel"]
[Result "1-0"]
[WhiteElo "2083"]
[BlackElo "1756"]
[PlyCount "55"]
[EventDate "2010.??.??"]
[WhiteTeam "SK König Tegel 1949 e.V."]
[BlackTeam "SV Empor Berlin e.V."]

1. e4 c5 2. Nf3 d6 3. d4 cxd4 4. Bc4 Nc6 5. Qe2 Nf6 6. h3 g6 7. O-O Bg7 8. Rd1
O-O 9. Nxd4 Nxd4 10. Rxd4 Nd7 11. Rd1 Qc7 12. c3 Ne5 13. Bb3 Bd7 14. Na3 Bc6
15. Nb5 Bxb5 16. Qxb5 Qc6 17. Qe2 Nd7 18. Bd5 Qc7 19. Bf4 Be5 20. Bxe5 Nxe5 21.
Rac1 Rac8 22. Rd4 Qd7 23. Rcd1 Rfd8 24. Qe3 Nc6 25. R4d2 b6 26. Qf4 Ne5 27.
Qxe5 dxe5 28. Bxf7+ 1-0

[Event "9. Lichtenberger Sommer 2010"]
[Site "Berlin"]
[Date "2010.08.11"]
[Round "6.41"]
[White "Hünerfauth, Uwe"]
[Black "Peters, Henning"]
[Result "1-0"]
[WhiteElo "2108"]
[BlackElo "1740"]
[PlyCount "49"]
[EventDate "2010.??.??"]
[WhiteTeam "SK Landau"]
[BlackTeam "SV Bad Schwartau von 1930"]

1. Nf3 c5 2. g3 g6 3. c4 Nf6 4. Nc3 Nc6 5. Bg2 Bg7 6. O-O O-O 7. Rb1 Nh5 8. a3
a5 9. e3 f5 10. d4 d6 11. dxc5 dxc5 12. Qc2 e6 13. Nb5 Ne5 14. Rd1 Qe7 15. Nxe5
Bxe5 16. b4 Bd7 17. bxc5 Bc6 18. Nd6 Rfd8 19. Bxc6 bxc6 20. Rb7 Rd7 21. Rxd7
Qxd7 22. Nxf5 Qc7 23. Nh6+ Kf8 24. Ng4 Rb8 25. Qe4 1-0

[Event "9. Lichtenberger Sommer 2010"]
[Site "Berlin"]
[Date "2010.08.11"]
[Round "6.42"]
[White "Thier, Jürgen"]
[Black "Schlittermann, Wolfgang"]
[Result "1-0"]
[WhiteElo "2073"]
[BlackElo "1683"]
[PlyCount "83"]
[EventDate "2010.??.??"]
[WhiteTeam "SF Heidelberg"]
[BlackTeam "SK Gilette"]

1. Nf3 e6 2. c4 f5 3. g3 Nf6 4. Bg2 Be7 5. O-O O-O 6. b3 d5 7. Bb2 Nc6 8. e3
Nb4 9. d4 c5 10. Ne5 cxd4 11. exd4 dxc4 12. bxc4 Rb8 13. Nd2 Nd7 14. Ndf3 Nc6
15. Nxc6 bxc6 16. Bc3 Ba6 17. Qa4 Qc8 18. Ne5 Nb6 19. Qxc6 Bxc4 20. Nxc4 Nxc4
21. Rfe1 Kf7 22. Rxe6 Qxc6 23. Rxc6 Nd6 24. Bd5+ Ke8 25. Be6 Nb5 26. Bb2 a6 27.
d5 Na7 28. Be5 Nxc6 29. dxc6 Ra8 30. c7 Bf6 31. Bxf6 Rxf6 32. c8=Q+ Rxc8 33.
Bxc8 Kd8 34. Rc1 g6 35. Bb7 Rb6 36. Bd5 a5 37. Rc5 Ra6 38. Kg2 Kd7 39. Kf3 Kd6
40. Rb5 Ra7 41. Kf4 h6 42. Bf3 1-0

[Event "9. Lichtenberger Sommer 2010"]
[Site "Berlin"]
[Date "2010.08.11"]
[Round "6.43"]
[White "Mohr, Horst"]
[Black "Kramer, Wolfgang"]
[Result "0-1"]
[WhiteElo "1798"]
[BlackElo "2034"]
[PlyCount "150"]
[EventDate "2010.??.??"]
[WhiteTeam "SC Caissa Falkensee e.V."]
[BlackTeam "SG Schönbuch"]

1. d4 d5 2. Nf3 Nc6 3. e3 Bg4 4. Bb5 e6 5. Bxc6+ bxc6 6. c4 Bb4+ 7. Bd2 Bxf3 8.
gxf3 c5 9. Bxb4 cxb4 10. Qa4+ Qd7 11. Qxb4 Ne7 12. Nd2 O-O 13. Nb3 Rfb8 14. Qc3
Qa4 15. Nd2 dxc4 16. Qxc4 Rb4 17. b3 Rxc4 18. bxa4 Rxa4 19. Nb3 Nd5 20. Kd2 Nb4
21. a3 Nd5 22. Nc5 Ra5 23. Rhb1 Nb6 24. Kd3 e5 25. Nb3 Rd5 26. e4 Rd7 27. d5 c6
28. Nc5 Rd6 29. Nb7 Rf6 30. dxc6 Rxc6 31. Rc1 Rac8 32. Rxc6 Rxc6 33. Na5 Rc5
34. Nb3 Rb5 35. Kc3 Na4+ 36. Kc4 Rb7 37. Na5 Rb6 38. Kd3 f6 39. Nc4 Rb3+ 40.
Ke2 Nc3+ 41. Kd2 Nb5 42. f4 exf4 43. e5 fxe5 44. Nxe5 Nxa3 45. Nd3 f3 46. Rc1
Nb1+ 47. Ke3 a5 48. Rc8+ Kf7 49. Ra8 Na3 50. Kd4 Nc2+ 51. Ke4 Ra3 52. Ne5+ Kf6
53. Nxf3 Ra4+ 54. Kd3 Nb4+ 55. Kd2 Ra2+ 56. Ke3 Nd5+ 57. Ke4 Nc7 58. Ra7 Re2+
59. Kf4 Ne6+ 60. Kg3 Ra2 61. Ra6 Kf5 62. Nh4+ Ke5 63. Ra7 h5 64. Nf3+ Ke4 65.
Re7 Kd5 66. Ra7 a4 67. Ra5+ Nc5 68. Nh4 Kc4 69. Nf5 Kb4 70. Ra7 g6 71. Ne3 a3
72. Nd5+ Kb3 73. Ne3 Ra1 74. Re7 Rc1 75. Kf4 g5+ 0-1